Geo-grafías: movimientos sociales, nuevas territorialidades y sustentabilidad

Salvato in:
Dettagli Bibliografici
Autore principale: Porto Goncalves, Carlos Walter (Autore)
Natura: Libro
Lingua:spagnolo
Pubblicazione: Cuernavaca Siglo Veintiuno Editores S. A 2001
Edizione:1a. ed
Soggetti:
Tags: Aggiungi Tag
Nessun Tag, puoi essere il primo ad aggiungerne!!

MARC

LEADER 00000cam a2200000 a 4500
001 UCE5477
003 CL-VaPUC
008 150115e20010000mx |||||||||||||||||spa|d
020 |a 9682323037 
082 0 4 |a 306.6  |b GON  |2 21 
100 |a Porto Goncalves, Carlos Walter  |e author  |9 587330 
245 1 0 |a Geo-grafías: movimientos sociales, nuevas territorialidades y sustentabilidad 
250 |a 1a. ed 
300 |a 298 p 
942 |c BK 
945 |d 20150115 11:28:00  |a dcastane 
260 |a Cuernavaca  |b Siglo Veintiuno Editores S. A  |c 2001 
650 0 |a Movimientos sociales  |9 315241 
650 0 |a Geopolítica  |9 313921 
650 0 |a Ecología humana   |9 263207 
583 |a last modification  |c 20150115 11:28:00  |k Rodrigo Vera 
999 |c 358193  |d 358191 
952 |0 0  |1 0  |3 erb  |4 0  |6 306_600000000000000_GON_2001  |7 0  |8 A  |9 466747  |a BIBING  |b BIBING  |i 5134390  |o 306.6 GON 2001  |p 5134390  |r 2025-01-20  |w 2019-11-23  |y BK  |z Catalogado en:20150115  |k GEO 
952 |0 0  |1 0  |3 erb  |4 0  |6 306_600000000000000_GON_2001  |7 0  |8 A  |9 466748  |a BIBING  |b BIBING  |i 5147425  |o 306.6 GON 2001  |p 5147425  |r 2025-01-20  |w 2019-11-23  |y BK  |z Catalogado en:20150430  |k GEO 
952 |0 0  |1 0  |3 erb  |4 0  |6 306_600000000000000_GON_2001  |7 0  |8 A  |9 466749  |a BIBING  |b BIBING  |i 5147417  |o 306.6 GON 2001  |p 5147417  |r 2025-01-20  |w 2019-11-23  |y BK  |z Catalogado en:20150430  |k GEO 
952 |0 0  |1 0  |3 erb  |4 0  |6 306_600000000000000_GON_2001  |7 0  |8 A  |9 466750  |a BIBING  |b BIBING  |i 5149770  |o 306.6 GON 2001  |p 5149770  |r 2025-01-20  |w 2019-11-23  |y BK  |z Catalogado en:20150514  |k GEO